[Event "Arica op 7th"]
[Site "Arica"]
[Date "2021.12.17"]
[Round "9"]
[White "Delgado Ramirez, Neuris"]
[Black "Tapia Fuentes, Jaime"]
[Result "1-0"]
[WhiteElo "2614"]
[BlackElo "2193"]
[PlyCount "117"]
[EventDate "2021.12.12"]
[EventType "swiss"]
[EventRounds "10"]
[EventCountry "CHI"]
[SourceTitle "CBM 205 Extra"]
[Source "ChessBase"]
[SourceDate "2022.01.31"]
[SourceVersion "1"]
[SourceVersionDate "2022.01.31"]
[SourceQuality "1"]

1. e4 c5 2. Nc3 d6 3. f4 Nc6 4. Bb5 Bd7 5. Nf3 g6 6. 0-0 Bg7 7. d3 a6 8. Bxc6 Bxc6 9. Qe1 Nf6 10. Qh4 Qd7 11. a3 b6 12. Bd2 d5 13. e5 d4 14. Ne2 Nd5 15. Ng3 f5 16. exf6 Bxf6 17. Qh6 Ne3 18. Bxe3 dxe3 19. Rab1 0-0-0 20. b4 c4 21. dxc4 Bxf3 22. gxf3 Qd4 23. Kh1 Qxc4 24. Rbe1 Rd4 25. Rxe3 Rhd8 26. Qh3+ Kb8 27. Ne4 Rd1 28. Ree1 Rxe1 29. Rxe1 h5 30. Nxf6 exf6 31. Qe6 Qd4 32. Rg1 Qf2 33. Qh3 Rd2 34. f5 g5 35. Qxh5 Rxc2 36. Qh3 Rc3 37. Rf1 Qe2 38. Kg1 Qe3+ 39. Kg2 Rc2+ 40. Kh1 Qe2 41. Qg3+ Kc8 42. Re1 Qd2 43. Rg1 Rc1 44. Qg4 Rxg1+ 45. Kxg1 Qe3+ 46. Kg2 Qxa3 47. Qc4+ Kd8 48. Qd5+ Kc7 49. Qf7+ Kc8 50. Qxf6 Qxb4 51. Qxg5 Qb2+ 52. Kh3 Qh8+ 53. Kg4 Qd4+ 54. Kh5 Kd7 55. Kg6 Ke8 56. f6 Qd3+ 57. Kh6 Qc4 58. Qe5+ Kd7 59. Kg7 1-0

[Event "CHI-ch"]
[Site "Santiago de Chile"]
[Date "2019.02.28"]
[Round "11"]
[White "Tapia Fuentes, Jaime"]
[Black "Gasic Merino, Franco Ignacio"]
[Result "0-1"]
[WhiteElo "2259"]
[BlackElo "2189"]
[PlyCount "136"]
[EventDate "2019.02.20"]
[EventType "tourn"]
[EventRounds "11"]
[EventCountry "CHI"]
[SourceTitle "CBM 189 Extra"]
[Source "ChessBase"]
[SourceDate "2019.06.03"]
[SourceVersion "1"]
[SourceVersionDate "2019.06.03"]
[SourceQuality "1"]

1. Nf3 Nf6 2. g3 g6 3. Bg2 Bg7 4. 0-0 c5 5. d3 0-0 6. e4 d6 7. Re1 Nc6 8. c3 Rb8 9. d4 cxd4 10. cxd4 d5 11. e5 Ne4 12. Nbd2 Bf5 13. Nb3 f6 14. exf6 Bxf6 15. Bf4 Rc8 16. Ne5 g5 17. Nxc6 Rxc6 18. Be3 Qd7 19. f3 Nd6 20. Nc5 Qd8 21. g4 b6 22. Na6 Be6 23. b3 Qc8 24. Nb4 Rc3 25. Nd3 Nb5 26. Ne5 Na3 27. Qd2 Rc7 28. Rac1 Bxe5 29. dxe5 Nc2 30. Red1 Nxe3 31. Qxe3 Rf4 32. Rxc7 Qxc7 33. Rc1 Qd7 34. h4 h6 35. Qd3 Bf7 36. Re1 Kg7 37. Rd1 d4 38. h5 Qd5 39. Re1 b5 40. Kf2 a5 41. Bf1 b4 42. Re4 Rxe4 43. Qxe4 Qxe4 44. fxe4 Be6 45. Be2 Bc8 46. Ke1 Kf7 47. Bc4+ Kg7 48. Be2 d3 49. Bf3 Kf7 50. Kd2 Ke6 51. Kxd3 Kxe5 52. Ke3 Bb7 53. Bg2 Ba8 54. Bf3 Bc6 55. Bg2 a4 56. Bf3 a3 57. Kd3 Bb5+ 58. Ke3 Ba6 59. Bd1 Bc8 60. Bf3 Be6 61. Bd1 Bf7 62. Bc2 Be8 63. Bd3 Bd7 64. Be2 Bc8 65. Bd1 Be6 66. Kd3 Kf4 67. Kd4 Bxg4 68. Bc2 Be2 0-1

[Event "CHI-ch"]
[Site "Santiago de Chile"]
[Date "2019.02.24"]
[Round "6"]
[White "Henriquez Villagra, Cristobal"]
[Black "Tapia Fuentes, Jaime"]
[Result "1-0"]
[WhiteElo "2508"]
[BlackElo "2259"]
[PlyCount "65"]
[EventDate "2019.02.20"]
[EventType "tourn"]
[EventRounds "11"]
[EventCountry "CHI"]
[SourceTitle "CBM 189 Extra"]
[Source "ChessBase"]
[SourceDate "2019.06.03"]
[SourceVersion "1"]
[SourceVersionDate "2019.06.03"]
[SourceQuality "1"]

1. e4 c5 2. Nc3 g6 3. d4 Bg7 4. d5 d6 5. Be2 Nf6 6. Be3 a6 7. a4 0-0 8. Nf3 b6 9. Nd2 Nbd7 10. 0-0 Ne8 11. Nc4 Rb8 12. Qd2 Ne5 13. Na3 f5 14. h3 Nc7 15. f4 Nf7 16. exf5 gxf5 17. Bf2 Bf6 18. Rfe1 Kh8 19. Rab1 e6 20. dxe6 Nxe6 21. Nd5 Nd4 22. Nxf6 Nxe2+ 23. Qxe2 Qxf6 24. Qe7 Qxe7 25. Rxe7 b5 26. axb5 axb5 27. b4 c4 28. Bd4+ Kg8 29. Rbe1 Bb7 30. R1e3 Rfc8 31. Bf6 Bd5 32. Nxb5 Kf8 33. Nc7 1-0

[Event "CHI-ch"]
[Site "Santiago de Chile"]
[Date "2019.02.23"]
[Round "5"]
[White "Tapia Fuentes, Jaime"]
[Black "Salinas Herrera, Pablo Patricio"]
[Result "0-1"]
[WhiteElo "2259"]
[BlackElo "2477"]
[PlyCount "34"]
[EventDate "2019.02.20"]
[EventType "tourn"]
[EventRounds "11"]
[EventCountry "CHI"]
[SourceTitle "CBM 189 Extra"]
[Source "ChessBase"]
[SourceDate "2019.06.03"]
[SourceVersion "1"]
[SourceVersionDate "2019.06.03"]
[SourceQuality "1"]

1. e4 c5 2. Nf3 e6 3. d4 cxd4 4. Nxd4 a6 5. Bd3 g6 6. b3 Bg7 7. Bb2 Qb6 8. c3 Ne7 9. Nd2 Qc7 10. 0-0 0-0 11. N2f3 d5 12. e5 Nd7 13. c4 Nxe5 14. Rc1 Nxd3 15. Qxd3 e5 16. cxd5 Qd8 17. Ne2 e4 0-1

[Event "CHI-ch sf"]
[Site "Quilpue"]
[Date "2018.01.21"]
[Round "7"]
[White "Tapia Fuentes, Jaime"]
[Black "Riera, Jose"]
[Result "1/2-1/2"]
[WhiteElo "2165"]
[BlackElo "2243"]
[PlyCount "126"]
[EventDate "2018.01.18"]
[EventType "swiss"]
[EventRounds "8"]
[EventCountry "CHI"]
[SourceTitle "CBM 182 Extra"]
[Source "ChessBase"]
[SourceDate "2018.02.23"]
[SourceVersion "1"]
[SourceVersionDate "2018.02.23"]
[SourceQuality "1"]

1. e4 c6 2. d4 d5 3. exd5 cxd5 4. Bd3 Nc6 5. c3 Nf6 6. h3 Qc7 7. Nf3 g6 8. 0-0 Bg7 9. Re1 0-0 10. Bg5 Bd7 11. Nbd2 Rfe8 12. Rc1 Rac8 13. Nb3 e5 14. dxe5 Nxe5 15. Nxe5 Rxe5 16. Rxe5 Qxe5 17. Be3 b6 18. Nd4 Ne4 19. Bb5 Bxb5 20. Nxb5 a6 21. Nd4 Re8 22. Qf1 b5 23. Rd1 h5 24. Nf3 Qe6 25. Qd3 Rd8 26. Nd4 Qd6 27. Qe2 Re8 28. a3 Qc7 29. Qd3 Nd6 30. Bf4 Qd7 31. Nf3 Nc4 32. Bc1 Ne5 33. Nxe5 Rxe5 34. Be3 Qe6 35. Qc2 Qc6 36. Bd4 Re4 37. Bxg7 Kxg7 38. Qd3 Qc4 39. Kf1 Kf6 40. Qxc4 dxc4 41. Rd6+ Re6 42. Rd5 Re5 43. Rd6+ Re6 44. Rd5 h4 45. Rd4 g5 46. g3 hxg3 47. fxg3 Kg6 48. h4 f5 49. Kf2 gxh4 50. gxh4 Kf6 51. Kf3 Ke5 52. Rd2 Rh6 53. Re2+ Kf6 54. Rh2 Ke5 55. Re2+ Kf6 56. Rh2 Ke5 57. Re2+ Kf6 58. Rh2 Rh7 59. Kf4 Re7 60. h5 Re4+ 61. Kf3 Re7 62. Kf4 Re4+ 63. Kf3 Re7 1/2-1/2

[Event "CHI-ch sf"]
[Site "Quilpue"]
[Date "2018.01.19"]
[Round "4"]
[White "Tapia Fuentes, Jaime"]
[Black "Aguirre Contreras, Cristian Rodrigo"]
[Result "1/2-1/2"]
[WhiteElo "2165"]
[BlackElo "2228"]
[PlyCount "101"]
[EventDate "2018.01.18"]
[EventType "swiss"]
[EventRounds "8"]
[EventCountry "CHI"]
[SourceTitle "CBM 182 Extra"]
[Source "ChessBase"]
[SourceDate "2018.02.23"]
[SourceVersion "1"]
[SourceVersionDate "2018.02.23"]
[SourceQuality "1"]

1. e4 c6 2. d4 g6 3. Nc3 Bg7 4. Nf3 d5 5. h3 Nf6 6. e5 Ne4 7. Nxe4 dxe4 8. Ng5 c5 9. Bc4 0-0 10. c3 Nc6 11. Be3 cxd4 12. cxd4 Qa5+ 13. Kf1 h6 14. Nxe4 Rd8 15. f4 Qb4 16. Qb3 Qxb3 17. axb3 Nxd4 18. Rd1 Bf5 19. Bxd4 Bxe4 20. Kf2 e6 21. Rhe1 Bc6 22. Be3 b6 23. Be2 Bf8 24. Bf3 Bxf3 25. Kxf3 Bb4 26. Rf1 Rac8 27. Rxd8+ Rxd8 28. Ke2 Kg7 29. Rc1 Rd5 30. Rc4 Rb5 31. Kd3 Be1 32. Kc2 Bg3 33. Rc7 Ra5 34. Bd2 Ra1 35. Bc1 h5 36. Rc4 h4 37. Ra4 Rxa4 38. bxa4 g5 39. Kd3 Bxf4 40. Bxf4 gxf4 41. Ke4 Kg6 42. Kxf4 Kh5 43. b4 a6 44. a5 b5 45. Ke4 Kg5 46. Kd4 Kf4 47. Kc5 Kxe5 48. Kb6 Kd6 49. Kxa6 Kc6 50. Ka7 Kc7 51. Ka6 1/2-1/2

[Event "Buenos Aires ITT del Futuro 1er"]
[Site "Buenos Aires"]
[Date "2016.08.28"]
[Round "9.4"]
[White "Ocantos, Manuel"]
[Black "Tapia Fuentes, Jaime"]
[Result "1/2-1/2"]
[WhiteElo "2171"]
[BlackElo "2278"]
[PlyCount "25"]
[EventDate "2016.08.25"]
[EventType "tourn"]
[EventRounds "9"]
[EventCountry "ARG"]
[SourceTitle "EXT 2024"]
[Source "ChessBase"]
[SourceDate "2023.10.10"]
[SourceVersion "1"]
[SourceVersionDate "2023.10.10"]
[SourceQuality "1"]

1. e4 c5 2. Nf3 d6 3. d4 cxd4 4. Nxd4 Nf6 5. Nc3 g6 6. Be3 Bg7 7. f3 Nc6 8. Qd2 0-0 9. Bc4 Bd7 10. 0-0-0 Rc8 11. Bb3 Ne5 12. h4 h5 13. Kb1 1/2-1/2

[Event "Buenos Aires ITT del Futuro 1er"]
[Site "Buenos Aires"]
[Date "2016.08.28"]
[Round "8.3"]
[White "Tapia Fuentes, Jaime"]
[Black "Alarcon, Gualberto"]
[Result "0-1"]
[WhiteElo "2278"]
[BlackElo "2186"]
[PlyCount "118"]
[EventDate "2016.08.25"]
[EventType "tourn"]
[EventRounds "9"]
[EventCountry "ARG"]
[SourceTitle "EXT 2024"]
[Source "ChessBase"]
[SourceDate "2023.10.10"]
[SourceVersion "1"]
[SourceVersionDate "2023.10.10"]
[SourceQuality "1"]

1. e4 c5 2. Nf3 d6 3. d4 cxd4 4. Nxd4 Nf6 5. Nc3 a6 6. Be2 e6 7. 0-0 Be7 8. f4 0-0 9. Kh1 Qc7 10. Be3 b5 11. e5 dxe5 12. fxe5 Qxe5 13. Bf4 Qc5 14. Bf3 Ra7 15. Bxb8 Rd7 16. Nxe6 Rxd1 17. Nxc5 Rxa1 18. Rxa1 Bxc5 19. Be5 Ng4 20. Ne4 Nxe5 21. Nxc5 Rd8 22. Rd1 Rxd1+ 23. Bxd1 Nc4 24. Nd3 Ne3 25. Nf2 Bb7 26. Bf3 Bxf3 27. gxf3 Nxc2 28. Nd3 Kf8 29. Kg2 Ke7 30. Nc5 a5 31. Kf2 Kd6 32. Nb7+ Kd5 33. Nxa5 Nb4 34. Ke3 Nxa2 35. Nb3 g6 36. Nd2 f5 37. h4 Nb4 38. Nb1 h6 39. Nc3+ Kc4 40. Kd2 Nd5 41. b3+ Kc5 42. Ne2 Kd6 43. h5 g5 44. Nd4 Ke5 45. Nxb5 Nf4 46. Ke3 Nxh5 47. Nc3 Nf4 48. Nd1 h5 49. Kf2 Nd5 50. Nb2 h4 51. Nc4+ Kf4 52. Na5 Nb4 53. Nc4 g4 54. fxg4 fxg4 55. Nd2 h3 56. Nf1 Nd3+ 57. Kg1 g3 58. Nd2 h2+ 59. Kg2 Nf2 0-1

[Event "Buenos Aires ITT del Futuro 1er"]
[Site "Buenos Aires"]
[Date "2016.08.26"]
[Round "5.2"]
[White "Llanos, Guillermo"]
[Black "Tapia Fuentes, Jaime"]
[Result "1-0"]
[WhiteElo "2354"]
[BlackElo "2278"]
[PlyCount "46"]
[EventDate "2016.08.25"]
[EventType "tourn"]
[EventRounds "9"]
[EventCountry "ARG"]
[SourceTitle "EXT 2024"]
[Source "ChessBase"]
[SourceDate "2023.10.10"]
[SourceVersion "1"]
[SourceVersionDate "2023.10.10"]
[SourceQuality "1"]

1. e4 c5 2. Nf3 d6 3. c3 Nf6 4. Be2 Bd7 5. Qc2 Bc6 6. d3 c4 7. e5 dxe5 8. Nxe5 cxd3 9. Bxd3 Qd5 10. Bf4 Qxg2 11. Rf1 Nbd7 12. Nd2 Nxe5 13. Bxe5 Nd7 14. Bg3 Nc5 15. Bc4 e6 16. 0-0-0 b5 17. Rg1 Qh3 18. Bf1 Qf5 19. Qxf5 exf5 20. Bh3 0-0-0 21. Bxf5+ Kb7 22. b4 Ne6 23. Nb3 Kc8 1-0

[Event "Arica 3rd"]
[Site "Arica"]
[Date "2016.07.15"]
[Round "8.7"]
[White "Tapia Fuentes, Jaime"]
[Black "Fernandez, Maria Florencia"]
[Result "1/2-1/2"]
[WhiteElo "2200"]
[BlackElo "2260"]
[PlyCount "101"]
[EventDate "2016.07.10"]
[EventType "swiss"]
[EventRounds "10"]
[EventCountry "CHI"]
[SourceTitle "EXT 2024"]
[Source "ChessBase"]
[SourceDate "2023.10.10"]
[SourceVersion "1"]
[SourceVersionDate "2023.10.10"]
[SourceQuality "1"]

1. e4 c5 2. Nf3 d6 3. Bc4 Nf6 4. d3 g6 5. e5 dxe5 6. Nxe5 e6 7. Bg5 Bg7 8. Bb5+ Nbd7 9. Qf3 Qa5+ 10. Nc3 0-0 11. Nc4 Qc7 12. Bxd7 Nxd7 13. Nb5 Qc6 14. Qxc6 bxc6 15. Nbd6 Ba6 16. 0-0-0 Rfb8 17. b3 Nb6 18. Ne4 Nd5 19. Bd2 Bd4 20. c3 f5 21. cxd4 fxe4 22. dxe4 Bxc4 23. exd5 Bxd5 24. dxc5 Bxg2 25. Rhg1 Bd5 26. Be3 a5 27. Rd4 a4 28. Rxa4 Rxa4 29. bxa4 Rb4 30. Kd2 Rxa4 31. Rb1 Rxa2+ 32. Kc3 Ra4 33. Rb8+ Kf7 34. Rb7+ Kf6 35. Rxh7 e5 36. Rh3 Kf5 37. Rg3 Rh4 38. h3 Rh5 39. Kd3 Ba2 40. Rf3+ Ke6 41. Rg3 Bb1+ 42. Ke2 Bf5 43. Kf3 Rxh3 44. Rxh3 Bxh3 45. Kg3 Bf1 46. Kg4 Bd3 47. Kg5 Bf5 48. Kh4 Bd3 49. Bd2 Kd5 50. Be3 Bf5 51. Kg3 1/2-1/2

[Event "Arica 3rd"]
[Site "Arica"]
[Date "2016.07.14"]
[Round "6.6"]
[White "Escalante Ramirez, Brian Sebastian"]
[Black "Tapia Fuentes, Jaime"]
[Result "0-1"]
[WhiteElo "2305"]
[BlackElo "2200"]
[PlyCount "114"]
[EventDate "2016.07.10"]
[EventType "swiss"]
[EventRounds "10"]
[EventCountry "CHI"]
[SourceTitle "EXT 2024"]
[Source "ChessBase"]
[SourceDate "2023.10.10"]
[SourceVersion "1"]
[SourceVersionDate "2023.10.10"]
[SourceQuality "1"]

1. e4 c5 2. Nf3 d6 3. d4 cxd4 4. Nxd4 Nf6 5. Nc3 g6 6. Be3 Bg7 7. f3 0-0 8. Qd2 Nc6 9. 0-0-0 Bd7 10. g4 Rc8 11. h4 Ne5 12. h5 Qa5 13. Kb1 Nxf3 14. Nxf3 Rxc3 15. Qxc3 Qxc3 16. bxc3 Bxg4 17. Bg2 Nxe4 18. Kc1 Nxc3 19. Rd3 Bf5 20. Rd2 Nxa2+ 21. Kd1 Nc3+ 22. Ke1 a5 23. Bd4 Rc8 24. Bxg7 Kxg7 25. Nd4 Be4 26. h6+ Kg8 27. Rh3 Bxg2 28. Rxg2 b5 29. Rg5 f6 30. Rg1 Kf7 31. Kd2 b4 32. Ra1 a4 33. Re3 d5 34. Ne2 Nxe2 35. Rxe2 a3 36. Re3 Rc4 37. c3 bxc3+ 38. Rxc3 Rh4 39. Rcxa3 Rxh6 40. Ra7 Rh5 41. Re1 Re5 42. Rxe5 fxe5 43. Ke3 h5 44. Ra6 e6 45. Ra8 g5 46. Rh8 Kg6 47. Re8 Kf5 48. Rf8+ Kg4 49. Rf6 h4 50. Rxe6 Kf5 51. Rh6 d4+ 52. Kd3 Kf4 53. Rf6+ Kg4 54. Re6 h3 55. Rxe5 h2 56. Re1 Kf3 57. Kxd4 g4 0-1

[Event "Santiago Hexagonal Cup"]
[Site "Santiago de Chile"]
[Date "2016.03.15"]
[Round "10"]
[White "Cuevas Araya, Walter"]
[Black "Tapia Fuentes, Jaime"]
[Result "1-0"]
[WhiteElo "2209"]
[BlackElo "2222"]
[PlyCount "75"]
[EventDate "2016.03.08"]
[EventType "tourn"]
[EventRounds "10"]
[EventCountry "CHI"]
[SourceTitle "EXT 2017"]
[Source "ChessBase"]
[SourceDate "2016.10.25"]
[SourceVersion "1"]
[SourceVersionDate "2016.10.25"]
[SourceQuality "1"]

1. e4 c5 2. Nf3 d6 3. d4 cxd4 4. Nxd4 Nf6 5. Nc3 g6 6. Be3 Bg7 7. f3 Nc6 8. Qd2 0-0 9. 0-0-0 Bd7 10. h4 Ne5 11. g4 Rc8 12. h5 Qa5 13. Kb1 Rxc3 14. Qxc3 Qxc3 15. bxc3 Nxf3 16. Nxf3 Bxg4 17. Bg2 Nxe4 18. h6 Bh8 19. Bd4 e5 20. Rhe1 f5 21. Nxe5 dxe5 22. Bxe4 fxe4 23. Bc5 Rc8 24. Rd6 b6 25. Be3 Kf7 26. Bg5 Bf5 27. Kb2 e3 28. Rxe3 e4 29. Rd8 Rxd8 30. Bxd8 Bf6 31. Bxf6 Kxf6 32. c4 Ke5 33. Ra3 Kd4 34. Rxa7 g5 35. Kc1 e3 36. Kd1 Ke4 37. Ke2 Bg4+ 38. Ke1 1-0

[Event "Santiago Hexagonal Cup"]
[Site "Santiago de Chile"]
[Date "2016.03.08"]
[Round "1"]
[White "Garcia Cardenas, Pablo"]
[Black "Tapia Fuentes, Jaime"]
[Result "1-0"]
[WhiteElo "2415"]
[BlackElo "2222"]
[PlyCount "89"]
[EventDate "2016.03.08"]
[EventType "tourn"]
[EventRounds "10"]
[EventCountry "CHI"]
[SourceTitle "EXT 2017"]
[Source "ChessBase"]
[SourceDate "2016.10.25"]
[SourceVersion "1"]
[SourceVersionDate "2016.10.25"]
[SourceQuality "1"]

1. c4 Nf6 2. Nc3 g6 3. e4 d6 4. d4 Bg7 5. Nf3 0-0 6. Be2 Bg4 7. Be3 Nfd7 8. 0-0 c5 9. d5 Na6 10. Qd2 Re8 11. Rab1 Nc7 12. a3 e6 13. dxe6 Nxe6 14. Nb5 Bxf3 15. Bxf3 Ne5 16. Be2 a6 17. Nxd6 Re7 18. f4 Rd7 19. Rbd1 Nd4 20. fxe5 Bxe5 21. Nxf7 Rxf7 22. Rxf7 Kxf7 23. Bg4 Qd6 24. Qf2+ Kg8 25. Rf1 Rf8 26. Qxf8+ Qxf8 27. Rxf8+ Kxf8 28. Bc8 b6 29. Bxa6 Nb3 30. a4 Bxb2 31. Bf4 Bc3 32. Bc7 Ba5 33. Kf2 Ke7 34. Bb7 Kd7 35. Be5 Nd4 36. Bd5 Ne6 37. Ke3 Bb4 38. g3 Ba5 39. Bf6 Bb4 40. Bb7 Ba5 41. Kd3 Bb4 42. Ba6 Nc7 43. Bb5+ Nxb5 44. cxb5 h6 45. Kc4 1-0

[Event "Antofagasta Zicosur op 1st"]
[Site "Antofagasta"]
[Date "2015.01.11"]
[Round "10"]
[White "Tapia Fuentes, Jaime"]
[Black "Zambrana, Oswaldo"]
[Result "0-1"]
[WhiteElo "2213"]
[BlackElo "2465"]
[PlyCount "55"]
[EventDate "2015.01.05"]
[EventType "swiss"]
[EventRounds "10"]
[EventCountry "CHI"]
[SourceTitle "CBM 164 Extra"]
[Source "ChessBase"]
[SourceDate "2015.03.02"]
[SourceVersion "1"]
[SourceVersionDate "2015.03.02"]
[SourceQuality "1"]

1. e4 c5 2. Nf3 Nc6 3. d3 g6 4. g3 Bg7 5. Bg2 d6 6. 0-0 e5 7. c3 Nge7 8. a3 0-0 9. b4 h6 10. Bb2 Be6 11. Nbd2 a6 12. Re1 b5 13. Rb1 Qb6 14. Nf1 Rad8 15. Ne3 d5 16. bxc5 Qxc5 17. d4 Qb6 18. exd5 Nxd5 19. a4 exd4 20. Nxd5 Bxd5 21. cxd4 b4 22. a5 Qxa5 23. Ra1 Qb6 24. Qa4 a5 25. Ne5 Bxg2 26. Kxg2 Nxe5 27. dxe5 Rd2 28. Bc1 0-1

[Event "Antofagasta Zicosur op 1st"]
[Site "Antofagasta"]
[Date "2015.01.07"]
[Round "4"]
[White "Tapia Fuentes, Jaime"]
[Black "Aguilar, Luis Miguel"]
[Result "1-0"]
[WhiteElo "2213"]
[BlackElo "1990"]
[PlyCount "85"]
[EventDate "2015.01.05"]
[EventType "swiss"]
[EventRounds "10"]
[EventCountry "CHI"]
[SourceTitle "CBM 164 Extra"]
[Source "ChessBase"]
[SourceDate "2015.03.02"]
[SourceVersion "1"]
[SourceVersionDate "2015.03.02"]
[SourceQuality "1"]

1. e4 c5 2. Nf3 g6 3. d4 Bg7 4. dxc5 Qa5+ 5. c3 Qxc5 6. Be3 Qc7 7. Nd4 b6 8. c4 Bb7 9. Nc3 Nf6 10. f3 Nc6 11. Be2 0-0 12. Qd2 Rac8 13. 0-0 Rfd8 14. Rac1 d6 15. Rfd1 Nxd4 16. Bxd4 Nh5 17. Be3 Bc6 18. Bf1 Qb7 19. b3 Rc7 20. a4 e6 21. Bg5 f6 22. Be3 f5 23. Bg5 Re8 24. exf5 gxf5 25. Re1 Bf8 26. Ne2 Rg7 27. Nd4 Rg6 28. Nxc6 Qxc6 29. Kh1 f4 30. Bh4 Be7 31. Bf2 Kh8 32. Bd3 Rh6 33. Be4 Qc7 34. a5 e5 35. axb6 axb6 36. Ra1 Ng7 37. Ra6 Bh4 38. Bxh4 Rxh4 39. Qf2 Qe7 40. Rxb6 Nh5 41. Kg1 Qg5 42. Rb7 Nf6 43. g3 1-0

[Event "Antofagasta Zicosur op 1st"]
[Site "Antofagasta"]
[Date "2015.01.05"]
[Round "1"]
[White "Cori, Jorge Moise"]
[Black "Tapia Fuentes, Jaime"]
[Result "1-0"]
[WhiteElo "2549"]
[BlackElo "2213"]
[PlyCount "125"]
[EventDate "2015.01.05"]
[EventType "swiss"]
[EventRounds "10"]
[EventCountry "CHI"]
[SourceTitle "CBM 164 Extra"]
[Source "ChessBase"]
[SourceDate "2015.03.02"]
[SourceVersion "1"]
[SourceVersionDate "2015.03.02"]
[SourceQuality "1"]

1. e4 c5 2. Nf3 d6 3. Bb5+ Nc6 4. 0-0 Bd7 5. Re1 a6 6. Bf1 Bg4 7. h3 Bxf3 8. Qxf3 Nf6 9. a4 g6 10. Na3 Bg7 11. Nc4 0-0 12. a5 Nd7 13. Qa3 Qc7 14. c3 e6 15. d3 Rad8 16. Bg5 Nf6 17. Rac1 h6 18. Be3 d5 19. exd5 exd5 20. Nb6 d4 21. cxd4 cxd4 22. Bd2 Nd5 23. Nc4 Qd7 24. g3 Rfe8 25. Bg2 Bf8 26. Qb3 Ndb4 27. h4 h5 28. Be4 Kg7 29. Re2 f5 30. Bxc6 Nxc6 31. Rce1 Rxe2 32. Rxe2 Qf7 33. Bf4 Rd5 34. Ne5 Nxe5 35. Rxe5 Rd7 36. Re6 Kh7 37. Qc4 Bg7 38. Bd6 Bf6 39. b3 Bg7 40. Kf1 Bf6 41. Bb4 Bg7 42. Bd6 Bf6 43. Kg2 Bg7 44. Bf4 Bf6 45. Rd6 Re7 46. Bg5 Bxg5 47. hxg5 Qg7 48. Qxd4 Qxd4 49. Rxd4 Kg7 50. b4 Kf7 51. Rd6 Rc7 52. Kf3 Re7 53. Rf6+ Kg7 54. Rb6 Kf7 55. d4 Kg7 56. d5 Kf7 57. Rf6+ Kg7 58. Re6 Rd7 59. d6 Kf7 60. Rf6+ Kg7 61. Kf4 Rd8 62. Re6 Rd7 63. Ke5 1-0

[Event "American Continental 10th"]
[Site "Praia da Pipa"]
[Date "2014.10.23"]
[Round "8"]
[White "Roselli Mailhe, Bernardo"]
[Black "Tapia Fuentes, Jaime"]
[Result "1-0"]
[WhiteElo "2404"]
[BlackElo "2208"]
[PlyCount "75"]
[EventDate "2014.10.18"]
[EventType "swiss"]
[EventRounds "11"]
[EventCountry "BRA"]
[SourceTitle "EXT 2015"]
[Source "ChessBase"]
[SourceDate "2014.11.20"]
[SourceVersion "1"]
[SourceVersionDate "2014.11.20"]
[SourceQuality "1"]

1. d4 Nf6 2. c4 g6 3. Nc3 d5 4. Nf3 Bg7 5. Bf4 0-0 6. Rc1 dxc4 7. e4 c5 8. dxc5 Qa5 9. e5 Nh5 10. Be3 Nc6 11. Bxc4 Nxe5 12. Nxe5 Bxe5 13. 0-0 Nf6 14. h3 Bd7 15. Bd4 Qc7 16. Re1 Bxd4 17. Qxd4 Bc6 18. b4 Rfd8 19. Qe3 e6 20. Rcd1 a6 21. Rd4 Rd7 22. Rxd7 Nxd7 23. a4 Rc8 24. Ba2 Nf6 25. Qd4 Qd8 26. Qe5 Qe7 27. Rd1 Be8 28. Rd6 a5 29. b5 Nd7 30. Nd5 Qh4 31. Rxd7 exd5 32. Re7 Qe4 33. Bxd5 Qxe5 34. Rxe5 Kf8 35. Bxb7 Rd8 36. Rd5 Ke7 37. Rxd8 Kxd8 38. b6 1-0